LEADER 00613naa a2200145 i 4500 001 000000318911 003 CaOOAMICUS 005 20180831173257.0 008 180831n it u000 u ita u 013 $a28522 040 $aSeMil$bita 100 1 $aSigalini, Domenico,$d<1942- ,$cvescovo>.$0(OLS)http://semarc/name/43595 245 13$aLa corresponsabilitā č una vocazione esigente. 773 0 $aCentro di Orientamento Pastorale $tEducarsi alla corresponsabilitā.$dBologna : EDB, 2011.$z978-88-10-53117-4$gp.255-264$w()209928 996 $6245$aLa corresponsabilitā č una vocazione esigente$9(OLS)http://semarc/title/392716 LEADER 00996nam a2200265 i 4500 001 000000075202 003 CaOOAMICUS 005 20060117000000.0 008 060117s1973 it u000 u ita u 013 $a46374 040 $aSeMil$bita 100 1 $aGabrieli, Francesco,$d<1904-1996>.$0(OLS)http://semarc/name/2747 245 10$aArabeschi e studi islamici /$cFrancesco Gabrieli. 260 $aNapoli :$bGuida,$ccopyr. 1973. 300 $a304 p. ;$c21 cm. 490 0 $aBiblioteca di saggistica ;$v11. 500 $aFondo Ciprandi. 650 4$aLetteratura araba.$0(OLS)http://semarc/subject/5520 830 0$aBiblioteca di saggistica ;$v11.$0(OLS)http://semarc/title/20175 850 $aSeMil 852 $aSeMil$W1$xVenegono$y1$m1W II 228$j41354$B41354$CSeMilBibl$Z2$F41358 $81 941 1 $a1 961 $aOmaggio: Ciprandi dott. Paolo 996 $6245$aArabeschi e studi islamici$9(OLS)http://semarc/title/122003 996 $6260$aNapoli :$bGuida$9(OLS)http://semarc/publisher/31216